Score 0/33 Timer 04:00
0 Plays Today
Clue 4-Letter Word % Correct
Some dairy products are made from ____MILK
96.3%
Dessert associated with birthdaysCAKE
95.8%
Ice cream left in the sun will ____MELT
95.2%
Edible ice cream holderCONE
95.1%
A brand of colaCOKE
95.1%
Partner of pepperSALT
94.9%
Place for a picnicPARK
94.4%
A plant grown for sugarCANE
94%
Candy bar with a namesake planetMARS
93.9%
Mutton, pork, and beefMEAT
93%
____ in the blankFILL
92.5%
A role in a playPART
91.8%
Mode of transportationCARS
90.8%
An ice cream treat similar to a milkshakeMALT
90.6%
A baked-goods fundraiserSALE
90.5%
Herb used for lamb or chewing gumMINT
90.5%
What you do to egg whitesBEAT
90.5%
Clue 4-Letter Word % Correct
How you might feel after a large mealFULL
90.5%
Japanese rice wineSAKE
90.2%
Fur coat varietyMINK
89.9%
Turn wheat into flourMILL
89.7%
Containers for premade soupCANS
89.5%
Ben and Jerry's usually comes in a ____PINT
88.9%
A short gasp, like a dogPANT
88.3%
Label foods wrapped in the freezerMARK
87.1%
A college brotherhoodFRAT
86.4%
Sausage simmered in beerBRAT
82.5%
Because of the explosion, the soufflé ____FELL
79.4%
Like pancakes, tortillas, and crepesFLAT
78.1%
AccomplishmentFEAT
77.8%
Soft, heavy cloth made of wool, cotton, or other materialsFELT
75.8%
A custard tart from SpainFLAN
74.7%
Cookbook author, ____ GilletteFRAN
73.4%

Today's Daily Dose

Remove Ads.
Support Sporcle.
Get the best of Sporcle when you Go Orange. This ad-free experience offers more features, more stats, and more fun while also helping to support Sporcle. Thank you for becoming a member.

You're not logged in!

Compare scores with friends on all Sporcle quizzes.
OR
Log In

Show Comments

Extras

Top Quizzes Today


Score Distribution

Your Account Isn't Verified!

In order to create a playlist on Sporcle, you need to verify the email address you used during registration. Go to your Sporcle Settings to finish the process.

Report this User

Report this user for behavior that violates our Community Guidelines.

Details: